| 000 | 00545nam a22001937a 4500 | ||
|---|---|---|---|
| 003 | OSt | ||
| 005 | 20180116183052.0 | ||
| 008 | 160815b xxu||||| |||| 00| 0 eng d | ||
| 020 | _a0 | ||
| 040 | _c0 | ||
| 082 | _a343.5491056 NAJ 2004 | ||
| 100 | _aNajib A. Choudhry | ||
| 245 |
_aCustoms Tariff and Trade Controls 2004-2005 _bHarmonised _cNajib A. Choudhry |
||
| 250 | _a27th. | ||
| 260 |
_aLahore _bMaktaba-Jadeed Press _c2004-2005 |
||
| 300 |
_a1106 p. _bHB |
||
| 440 | _aCustoms Tariff and Trade Controls 2004-2005 | ||
| 942 |
_2ddc _cBK |
||
| 999 |
_c351661 _d351661 |
||